000 00285nam a2200109Ia 4500
005 20251222114409.0
008 251222s1900||||xx |||||||||||||| ||spa||
082 _aDVD0099/C82/T.2/2000
245 0 _aPrede e Predatori e L'oringine della Terra
264 _bDiscovery Channel
942 _cDVD
999 _c1945
_d1945